Stress corrosion cracking and hydrogen embrittlement of iron base alloys, June 12-16, 1973, Unieux, Firminy, France : [proceedings] /

Guardado en:
Autores Corporativos: International Conference on Stress Corrosion Cracking and Hydrogen Embrittlement of Iron Base Alloys, Unieux France and Firminy, France), National Association of Corrosion Engineers. Research Committee., Creusot-Loire (Firm), United States. Advanced Research Projects Agency.
Otros Autores: Staehle, R. W., 1934-, (Editor , ed.)
Formato: Libro
Idioma:English
Publicado: Houston, Tex. : National Association of Corrosion Engineers (NACE), c1977.
Series:International corrosion conference series ; NACE-5
Materias:
Etiquetas: Agregar Etiqueta
Sin Etiquetas, Sea el primero en etiquetar este registro!
LEADER 01840nam a22003615a 4500
001 EIQ.libpla001121
008 780404s1977####txuao####b####101#0#eng#d
005 20060807172822.0
245 1 0 |a Stress corrosion cracking and hydrogen embrittlement of iron base alloys, June 12-16, 1973, Unieux, Firminy, France :  |b [proceedings] /  |c sponsors, National Association of Corrosion Engineers, Research Committee, USA, Creusot-Loire, France, Advanced Research Projects Agency, USA ; [editors, R. W. Staehle ... et al.]. 
260 |a Houston, Tex. :  |b National Association of Corrosion Engineers (NACE),  |c c1977. 
300 |a 31, 1210, 15 p. :  |b il., fotos ;  |c 29 cm. 
440 0 |a International corrosion conference series ;  |v NACE-5 
504 |a Incluye referencias bibliográficas e índices. 
111 2 |a International Conference on Stress Corrosion Cracking and Hydrogen Embrittlement of Iron Base Alloys, Unieux  |d (1973 :  |c France and Firminy, France) 
700 1 |a Staehle, R. W.,  |d 1934-,  |e ed.  |4 edt 
710 2 |a National Association of Corrosion Engineers.  |b Research Committee. 
710 2 |a Creusot-Loire (Firm) 
710 1 |a United States.  |b Advanced Research Projects Agency. 
740 |a Stress Corrosion Cracking and Hydrogen Embrittlement of Iron Base Alloys ... 
082 0 0 |a 620.1/7/23 
650 4 |a Aleaciones del hierro  |x Congresos. 
650 4 |a Acero  |x Congresos. 
650 4 |a Corrosión de tensión  |x Congresos. 
650 4 |a Acero  |x Frafilidad del hidrógeno. 
650 4 |a Aleaciones del hierro  |x Fractura. 
650 4 |a Iron alloys  |x Congresses. 
650 4 |a Iron alloys  |x Fracture. 
650 4 |a Steel  |x Congresses. 
650 4 |a Steel  |x Hydrogen embrittlement. 
650 0 |a Stress corrosion  |x Congresses. 
010 |a  77084102  
040 |a DLC  |c DLC  |d AR-BbSID 
859 |a AR-BbSID  |b BIB. PLAPIQUI  |h 620.112 23  |i In 8  |p 3023